00695pam a2200157 a 4500020001500000040000800015082002700023100002000050245004700070250001200117260012400129300005000253490002000303520019700323650001700520 a0875185495 cDLC a971 MAX 1993 A102 Or. 1 aSiy, Alexandra.14aThe Eeyou :bpeople of eastern James Bay / a1st ed. aNew York :bDillon Press ;aToronto :bMaxwell Macmillan Canada ;aNew York :bMaxwell Macmillan International,cc1993. a80 p. :bill. (some col.), col. map ;c25 cm.1 aGlobal villages aDescribes the history, language, and culture of the Eeyou, or Cree Indians, of Eastern James Bay in northern Quebec and discusses how their way of life is threatened by hydroelectric projects. 0aCree Indians